| 000 | 00494nam a2200145Ia 4500 | ||
|---|---|---|---|
| 008 | 100122s9999 xx 000 0 und d | ||
| 082 |
_b64137 _a133.324 |
||
| 100 | _aघाणेकर मधुसूदन | ||
| 245 | _aदेह सांगे स्वभाव | ||
| 260 |
_bइंद्रायणी साहित्य _c2003 |
||
| 300 | _a119 | ||
| 630 | _aदेह सांगे स्वभाव | ||
| 730 | _aदेह सांगे स्वभाव | ||
| 942 | _cBOOK | ||
| 999 |
_c437793 _d437790 |
||